000 00687nam a2200265Ia 4500
005 20260324152738.0
008 008 260324s9999 xx 000 0 eng d
020 _a9780128051962
037 _aEBOOK
040 _aCRL
040 _beng
040 _cCRL
041 _2eng
041 _aeng
084 _qCRL
100 _aJones, EricJones, Eric
_91229641
245 0 _aSocial Network Analysis of Disaster Response, Recovery, and Adaptation
260 _bElsevier
260 _c2016
650 _aEarth and Planetary Sciences
856 _uhttps://www.sciencedirect.com/science/book/9780128051962
942 _cEBOOK
999 _c1840477
_d1840477